| 000 | 00667nam a22002177a 4500 | ||
|---|---|---|---|
| 005 | 20250519162857.0 | ||
| 008 | 250519b |||||||| |||| 00| 0 eng d | ||
| 037 | _cTb | ||
| 040 |
_aLCT _cLCT |
||
| 084 | _aZ,91 Q17 | ||
| 100 |
_a Wacks, Raymond _9808970 |
||
| 245 |
_aUnderstanding Jurisprudence: _b an Introduction to Legal Theory ( |
||
| 250 | _a5th ed. | ||
| 260 |
_aLondon, United Kingdom: _bOxford University Press, _c2017 |
||
| 300 | _axx, 407p. | ||
| 365 |
_b39.99 GBP _cGBP _d39.99 |
||
| 650 |
_aLaw _9803352 |
||
| 650 |
_a Jurisprudence _9754938 |
||
| 650 |
_aLegal Theory _9803353 |
||
| 942 |
_2CC _cTB _hZ,91 Q17 _n0 |
||
| 999 |
_c1428845 _d1428845 |
||